| 000 | 00489nam a2200157Ia 4500 | ||
|---|---|---|---|
| 008 | 170221s9999 xx 000 0 und d | ||
| 100 | _aEgidijus Vareikis | ||
| 245 | _aProblem of “Dinosauring” of European Union and Mapping of Its Future | ||
| 245 | _cEgidijus Vareikis | ||
| 260 | _bStudies in Media and Communication | ||
| 260 | _c2014 | ||
| 300 | _a16 : | ||
| 650 | _xCommunication | ||
| 650 | _xMedia Arts | ||
| 856 | _uhttp://redfame.com/journal/index.php/smc/issue/view/59 | ||
| 999 |
_c308772 _d308772 |
||